Przystanki tramwajowe w Toruniu - 2025 - Statystyki

Ogólne statystyki
  • Ten quiz został rozwiązany 158 razy
    110 od ostatniego zresetowania
  • Średni wynik to 40 z 61
Statystyki odpowiedzi
Odpowiedź % Poprawnych
Aleja Solidarności
92%
Dworzec Wschodni
88%
Wschodnia
86%
Motoarena
84%
Plac Rapackiego
84%
Reja
83%
Uniwersytet
81%
Dworzec Miasto
80%
Aula UMK
78%
Heweliusza
78%
Od Nowa
78%
Plac św. Katarzyny
78%
Mickiewicza
77%
Ogród Zoobotaniczny
77%
Akademiki
75%
Odrodzenia
75%
Olimpijska P&R
75%
Osiedle Młodych
75%
Plac Skalskiego
75%
Elana B
73%
Wały gen. Sikorskiego
73%
Elana A
72%
Fałata
72%
Bema
70%
Targowisko
70%
Dworzec Autobusowy
69%
Gołębia
69%
Kraszewskiego
69%
Przy Kaszowniku
69%
Targowa
69%
Osiedle Zieleniec
67%
Konopnickiej
66%
Szosa Bydgoska
66%
Plac Daszyńskiego
64%
Żwirki i Wigury
64%
Przy Skarpie
63%
Zajezdnia Tramwajowa
63%
Długa
61%
Koniuchy
59%
Rydygiera
59%
Ślaskiego
59%
Szpital Miejski
59%
Sztuki Piękne
59%
Szosa Okrężna
58%
Wyszyńskiego
56%
Elektryczna
55%
Kosynierów Kościuszkowskich
55%
Ligi Polskiej
55%
Park Miejski
55%
Świętopełka
53%
Sąd Rejonowy
50%
Prejsa
48%
Przychodnia
48%
Tofama
47%
Przybyszewskiego
45%
Grasera
42%
Hubego
42%
Strobanda
41%
Wiśniowieckiego
39%
Wybickiego
39%
Freytaga
36%
Nie znaleziono quizów pasujących do podanych kryteriów
Rozkład punktacji
Procent ludzi z każdym wynikiem
Percentyl według liczby udzielonych odpowiedzi
Twoja historia wyników
Nie rozwiązałeś tego quizu od ostatniego zresetowania